Loading...
| Literature - Poetry | 0 | 3 | 0 | 1 | 30 | 93 | 129.67 | 1 | 1 | 0.00 | 0.00 |
| Literature - Drama | 0 | 2 | 0 | 0 | 20 | 93 | 102.50 | 1 | 2 | 0.00 | 0.00 |
| Religion | 1 | 0 | 0 | 0 | 15 | 71 | 71.00 | 1 | 1 | 0.00 | 0.00 |
| Literature - Long Fiction | 0 | 2 | 1 | 1 | 15 | 103 | 110.00 | 1 | 1 | 0.00 | 0.00 |
| Fine Arts - Painting and Sculpture | 0 | 1 | 0 | 0 | 10 | 136 | 136.00 | 0 | 0 | 0.00 | 0.00 |
| History - American | 0 | 1 | 0 | 1 | 10 | 136 | 136.00 | 0 | 1 | 0.00 | 0.00 |
| Social Science | 0 | 1 | 1 | 0 | 5 | 78 | 78.00 | 0 | 1 | 0.00 | 0.00 |
| Science - Physics | 0 | 1 | 2 | 0 | 0 | 83 | 83.00 | 1 | 1 | 0.00 | 0.00 |
| Science - Chemistry | 0 | 0 | 0 | 0 | 0 | 0.00 | 0 | 0 | 0.00 | 0.00 | |
| Mythology | 0 | 0 | 1 | 0 | -5 | 0.00 | 0 | 0 | 0.00 | 0.00 | |
| Current Events | 0 | 0 | 1 | 0 | -5 | 0.00 | 0 | 0 | 0.00 | 0.00 | |
| Science - Math | 0 | 0 | 1 | 0 | -5 | 0.00 | 0 | 0 | 0.00 | 0.00 | |
| Short Fiction and Other | 0 | 0 | 1 | 0 | -5 | 0.00 | 0 | 0 | 0.00 | 0.00 | |
| Fine Arts - Other | 0 | 0 | 2 | 0 | -10 | 0.00 | 0 | 0 | 0.00 | 0.00 |